书目信息 |
| 题名: |
土壤物理化学
|
|
| 作者: | 李法虎 主编 | |
| 分册: | ||
| 出版信息: | 北京 化学工业出版社 2006 |
|
| 页数: | 323页 | |
| 开本: | 23cm | |
| 丛书名: | ||
| 单 册: | ||
| 中图分类: | S153 | |
| 科图分类: | ||
| 主题词: | 土壤物理化学--高等教育--教材 | |
| 电子资源: | ||
| ISBN: | 7-5025-8796-9 | |
| 000 | 00915nam0 2200277 450 | |
| 001 | 012004069995 | |
| 005 | 20070720104809.20 | |
| 009 | 012004069995 | |
| 010 | @a7-5025-8796-9@dCNY38.00 | |
| 035 | @a(110019)012006083764 | |
| 100 | @a20060905d2006 em y0chiy0110 ea | |
| 101 | 0 | @achi |
| 102 | @aCN@b110000 | |
| 105 | @aa z 000yy | |
| 106 | @ar | |
| 200 | 1 | @a土壤物理化学@Atu rang wu li hua xue@dPhysical chemistry of soil@f李法虎主编@Fli fa hu zhu bian@zeng |
| 210 | @a北京@c化学工业出版社@d2006 | |
| 215 | @a323页@c图@d23cm | |
| 300 | @a北京市高等教育精品教材立项项目 | |
| 330 | @a本书较全面地介绍了土壤固相、液相以及气相之间的相互作用及其对水土质量和水土环境的影响等方面的基本理论和应用。 | |
| 510 | 1 | @aPhysical chemistry of soil@zeng |
| 606 | 0 | @a土壤物理化学@x高等教育@j教材 |
| 690 | @aS153@v4 | |
| 701 | 0 | @a李法虎@Ali fa hu@4主编 |
| 801 | 0 | @aCN@b110019@c20070720 |
| 905 | @dS153@e63@f5 | |
| 土壤物理化学=Physical chemistry of soil/李法虎主编.-北京:化学工业出版社,2006 |
| 323页:图;23cm |
| 北京市高等教育精品教材立项项目 |
| ISBN 7-5025-8796-9:CNY38.00 |
| 本书较全面地介绍了土壤固相、液相以及气相之间的相互作用及其对水土质量和水土环境的影响等方面的基本理论和应用。 |
| ● |
| 相关链接 |
|
|
|
|
正题名:土壤物理化学
索取号:S153/63
 
预约/预借
| 序号 | 登录号 | 条形码 | 馆藏地/架位号 | 状态 | 备注 |
| 1 | 0850000 | 208500004 | 第二样本阅览室/ [索取号:S153/63] | 在馆 | |
| 2 | 0850001 | 208500013 | 第三借阅区/ [索取号:S153/63] | 在馆 | |
| 3 | 0850002 | 208500022 | 第三借阅区/ [索取号:S153/63] | 在馆 | |
| 4 | 0850003 | 208500031 | 第三借阅区/ [索取号:S153/63] | 在馆 | |
| 5 | 0850004 | 208500040 | 第三借阅区/ [索取号:S153/63] | 在馆 |